Statistics for São Tomé and Príncipe Country Quiz

Click here to take the quiz!

General Stats

  • This quiz has been taken 14,031 times
    (13,974 since last reset)
  • The average score is 10 of 13

Answer Stats

ClueAnswer% Correct
Official languagePortuguese
94%
Population of São Tomé and Príncipe in the year 14000
91%
Saint after which the country is namedSaint Thomas
91%
Practice that was legally abolished in 1876, but continued to persist for decades afterwardsSlavery
90%
Capital citySão Tomé
88%
Only African country that is smaller than São Tomé and PríncipeSeychelles
86%
Mainland African country located due east of the main islandGabon
84%
Gulf in which São Tomé and Príncipe is locatedGulf of {Guinea}
84%
Second largest islandPrincipe
77%
Bean that makes up about half of the country's exportsCocoa
73%
Term for the people with mixed European and African origins who comprise most
of the population (starts with M)
Mestiço
58%
Critically-endangered wading bird, the smallest of its type in the world (starts with I)São Tomé {ibis}
47%
Currency of São Tomé and PríncipeDobra
22%

Score Distribution

Percentile by Number Answered

Percent of People with Each Score

Your Score History

You have not taken this quiz since the last reset